| 000 | 01048cab a2200181 4500 | ||
|---|---|---|---|
| 001 | ##L131382 | ||
| 008 | 051027n2005 000 0 eng u | ||
| 035 | _a(Sirsi) u131382 | ||
| 041 | 0 | _aeng | |
| 100 | 1 | _aKennedy, Sam | |
| 245 | 0 | 0 | _aRegenerating community energy |
| 260 | _c2005 | ||
| 490 | 0 |
_aBuilding Engineer _v80(10) October 2005, 14-15(2) |
|
| 520 | _aDiscusses the Community Energy Programme, which utilises one source of heat to supply energy to a number of buildings, offering cost-effective long term solutions, particularly in urban regeneration projects. Community energy systems have considerably lower life cycle costs than other heating systems, are fuel flexible, and offer potential for local employment. Pre-set heating levels help prevent deterioration of building fabric, reducing damp and condensation, and reducing maintenance costs. | ||
| 590 | _aIKA081105 | ||
| 690 | _aBUILT ENVIRONMENT-BUILDING ELEMENTS-COMPLETE BUILDING SERVICES ELEMENTS-COMPLETE HEATING, VENTILATION AND AIR CONDITIONING SYSTEMS | ||
| 942 | _n0 | ||
| 999 |
_c76064 _d76064 |
||